Frangué, moine d'Egypte : une correspondance sur terre cuite au VIIIe siècle /

محفوظ في:

المؤلف الرئيسي: Boud'hors, Anne, 1958- (مؤلف)

مؤلفون آخرون: Heurtel, Chantal.

التنسيق: كتاب

اللغة: French

منشور في: Bagnolet : Lis et parle, 2016.

سلاسل: Patrimoine orthodoxe.

الموضوعات:

الوسوم: إضافة وسم

لا توجد وسوم, كن أول من يضع وسما على هذه التسجيلة!

رقم الطلب: BX137.2 .B68 2016

LEADER 00928nam a2200253Ia 4500
003 OSt
005 20251102062753.0
008 220401s2016 fr af b 000 0 fre d
020 |a 9782915387094 
040 |c ARCE Library 
050 4 |a BX137.2 .B68 2016 
100 1 |a Boud'hors, Anne,   |d 1958-,   |e [author] 
245 1 0 |a Frangué, moine d'Egypte :   |b une correspondance sur terre cuite au VIIIe siècle /   |c Anne Boud'hors, Chantal Heurtel. 
264 1 |a Bagnolet :   |b Lis et parle,   |c 2016. 
300 |a 77 pages, plates :   |b illustrations ;   |c 19 cm. 
490 0 |a Patrimoine orthodoxe. 
650 0 |a Coptic monasticism and religious orders   |z Egypt   |z Thebes (Extinct city) 
650 0 |a Coptic inscriptions   |z Egypt   |z Thebes (Extinct city) 
650 0 |a Ostraka   |z Egypt   |z Thebes (Extinct city) 
650 0 |a Monks   |z Egypt   |x Correspondence. 
700 1 |a Heurtel, Chantal. 
901 |a reviewed 
942 |2 lcc  |c BK 
999 |c 47082  |d 47082